| 000 | 01274nam a22003257a 4500 | ||
|---|---|---|---|
| 999 |
_c17932 _d17904 |
||
| 003 | EG-ScBUE | ||
| 005 | 20201128021010.0 | ||
| 008 | 140120t2009 nyua g b 001 0 eng d | ||
| 020 | _a0071284419 | ||
| 020 | _a9780071284417 | ||
| 040 |
_aEG-ScBUE _beng _erda _cEG-ScBUE _dEG-ScBUE |
||
| 082 | 0 | 4 |
_a621.31924 _bALE _222 |
| 100 | 1 |
_aAlexander, Charles K., _eauthor. _934244 |
|
| 245 | 1 | 0 |
_aFundamentals of electric circuits / _cCharles K. Alexander, Department of Electrical Engineering, Cleveland State University, Matthew N. O. Sadiku, Department of Electrical Engineering, Prairie View A & M University |
| 250 |
_aFourth edition. _binternational edition. |
||
| 264 | 1 |
_aNew York : _bMcGraw-Hill, Higher Education, _c[2009] |
|
| 264 | 4 | _cc2009 | |
| 300 |
_a1 volume (various pagings) : _bcolor illustrations ; _c26 cm |
||
| 336 |
_2rdacontent _atext _btxt |
||
| 337 |
_2rdamedia _aunmediated _bn |
||
| 338 |
_2rdacarrier _avolume _bnc |
||
| 500 | _aIncludes appendices. | ||
| 504 | _aIncludes bibliographical references and index. | ||
| 650 | 7 |
_aElectric circuits. _2BUEsh _91213 |
|
| 653 |
_cJanuary2014 _bGGEN |
||
| 655 |
_vReading book _934232 |
||
| 700 | 1 |
_aSadiku, Matthew N. O., _eauthor. _934246 |
|
| 942 |
_2ddc _k621.3192 ALE _cBB |
||